Niederländische Großstädte - Statistiken

Allgemein
  • Dieses Quiz wurde 142 mal gespielt
  • Das Durchschnittsergebnis liegt bei 12 aus 32
Antwortstatistiken
Einwohnerzahl Gemeinde % Korrekt
934.927 Amsterdam
100%
671.125 Rotterdam
99%
565.701 Den Haag
85%
246.443 Eindhoven
74%
374.411 Utrecht
73%
243.833 Groningen
71%
103.785 Venlo
59%
125.203 Maastricht
52%
112.311 Alkmaar
51%
161.741 Enschede
50%
187.011 Nijmegen
50%
167.651 Arnhem
47%
133.133 Zwolle
44%
229.797 Tilburg
36%
188.217 Breda
35%
167.763 Haarlem
34%
226.630 Almere
27%
128.857 Leeuwarden
24%
161.825 Amersfoort
23%
103.402 Deventer
23%
130.181 Leiden
23%
109.361 Emmen
22%
160.740 ’s-Hertogenbosch
22%
122.089 Dordrecht
19%
168.212 Apeldoorn
18%
109.573 Delft
17%
123.489 Ede
7%
163.196 Haarlemmermeer
7%
161.429 Zaanstad
7%
128.424 Zoetermeer
7%
114.968 Alphen aan den Rijn
2%
115.984 Westland
2%
Keine übereinstimmenden Quizze gefunden
Verteilung der Resultate
Anzahl Personen mit jedem Resultat
Perzentil nach korrekt beantworteten Fragen
Ihre Resultats-Entwicklung
Sie haben dieses Quiz noch nicht gespielt